Akta Kumpulan Wang Simpanan Pekerja 1991 : Kaedah-kaedah KWSP 1991 peraturan-peraturan KWSP 1991 :

Bibliographic Details
Corporate Author: MALAYSIA
Format: Book
Published: Kuala Lumpur : MDC Sdn. Bhd. , 1993
Series:Laws of Malaysia
Subjects:

MARC

LEADER 00000cam a2200000 7i4500
001 0000001304
005 20140412.0
020 0 0 |a 9677001663 
090 0 0 |a R344.5950123   |b MAL 1993 
110 1 0 |a MALAYSIA 
240 0 0 |a Akta Pencen 1980   |p Peraturan-peraturan pencen 1980 
245 1 0 |a Akta Kumpulan Wang Simpanan Pekerja 1991 :   |b Kaedah-kaedah KWSP 1991 peraturan-peraturan KWSP 1991 :   |b Semua pindaan sehingga 15 Mei 1993 
260 0 0 |a Kuala Lumpur :   |b MDC Sdn. Bhd. ,   |c 1993 
300 |a iii, 267 p. ;   |c 25 cm. 
440 0 0 |a Laws of Malaysia 
650 0 0 |a Employees' deposits   |x Law and legislation   |z Malaysia 
650 0 0 |a Labour laws and legislation   |z Malaysia 
650 0 0 |a Pension trusts   |x Law and legislation   |z Malaysia 
998 |a JPSM 
999 |a 0000000017   |b Monograph   |c Reference   |e Default branch